Trouvez les footballeurs par image n°1 - Statistiques

Statistiques générales
  • Ce quiz a été pris 32 fois
  • Le résultat moyen est 6 sur 20
Statistiques - réponses
Par images Réponse % Correct
Tino Kadewere
79%
Malang Sarr
52%
Alberth Elis
48%
Thierry Correia
38%
Destiny Udogie
34%
Giorgi Mamardashvili
31%
Jackson Irvine
31%
Aïssa Laïdouni
28%
David Hancko
28%
Mark Flekken
28%
Victor Wanyama
28%
Gernot Trauner
24%
Wataru Endo
24%
Gerson Rodrigues
17%
Lucas Zelarayan
17%
Musa Al-Taamari
17%
Youssouf M'Changama
17%
Eldor Shomurodov
14%
Marko Livaja
7%
Petros Mantalos
7%
Aucun quiz correspondant
Distribution des résultats
% des personnes avec chaque résultat
Percentile par nombre de réponses
Votre historique - résultats
Vous n’avez pas pris ce quiz